[Event "Titled Tue 20th May Early"]
[Site "chess.com INT"]
[Date "2025.05.20"]
[Round "4"]
[White "Dann, Matthias"]
[Black "Demchenko, Anton"]
[Result "1-0"]
[WhiteTitle "IM"]
[BlackTitle "GM"]
[WhiteElo "2446"]
[BlackElo "2619"]
[WhiteFideId "24638056"]
[BlackFideId "4160258"]
[EventDate "2025.05.20"]

1. e4 c5 2. Nf3 d6 3. d4 cxd4 4. Nxd4 Nf6 5. Nc3 Nc6 6. Bg5 Bd7 7. Nxc6 bxc6 8.
Bc4 e6 9. Qf3 h6 10. Bh4 Be7 11. O-O-O e5 12. Bxf6 Bxf6 13. Rxd6 Qc8 14. Rxf6
gxf6 15. Qxf6 Rh7 16. Qxe5+ Kf8 17. f4 Qe8 18. Qd4 Be6 19. Bd3 Rd8 20. Qxa7 Rg7
21. g3 Kg8 22. f5 Bc8 23. Qc5 Qf8 24. Qxc6 Bd7 25. Qxh6 Bc8 26. Re1 Rh7 27.
Qxf8+ Kxf8 28. h4 Rg7 29. Re3 Ke7 30. e5 f6 31. Ne2 fxe5 32. Rxe5+ Kf6 33. Re3
Rdg8 34. Kd2 1-0

[Event "Titled Tue 20th May Early"]
[Site "chess.com INT"]
[Date "2025.05.20"]
[Round "4"]
[White "Hoghmrtsyan, Artur"]
[Black "Jacobsen, Mikkel Manosri"]
[Result "0-1"]
[WhiteTitle "FM"]
[BlackTitle "FM"]
[WhiteElo "2271"]
[BlackElo "2223"]
[WhiteFideId "13306685"]
[BlackFideId "1444514"]
[EventDate "2025.05.20"]

1. d4 d5 2. c4 e6 3. Nf3 a6 4. a4 dxc4 5. e3 c5 6. Bxc4 cxd4 7. exd4 Nc6 8. O-O
Nf6 9. Nc3 Be7 10. Re1 O-O 11. Bg5 Nb4 12. Ne5 Bd7 13. Qb3 Nc6 14. Nxc6 Bxc6 15.
Rad1 Qa5 16. Re5 Qc7 17. h3 Rad8 18. Re2 Rd7 19. Bh4 Rfd8 20. Bg3 Qa5 21. Re5
Qb4 22. Bxe6 fxe6 23. Qxe6+ Kh8 24. d5 Bxa4 25. Rde1 Bb3 26. Bh4 Nxd5 27. Nxd5
Bxd5 28. Rxd5 Rxd5 29. Bxe7 Qxe1+ 30. Qxe1 Rd1 31. Kf1 Rxe1+ 32. Kxe1 Re8 33.
Kd2 Rxe7 34. Kd3 Kg8 35. f3 Kf7 36. g4 Kf6 37. f4 Ke6 38. g5 Kf5 39. Kd4 Kxf4
40. Kd5 Rc7 41. Kd6 Rc6+ 42. Ke7 Kxg5 43. Kf7 Kh4 0-1

[Event "Titled Tue 20th May Early"]
[Site "chess.com INT"]
[Date "2025.05.20"]
[Round "4"]
[White "Logachiov, Aleksandr"]
[Black "Jimenez Almeida, Luis David"]
[Result "1-0"]
[WhiteTitle "CM"]
[BlackTitle "FM"]
[WhiteElo "2129"]
[BlackElo "2188"]
[WhiteFideId "24123706"]
[BlackFideId "22242244"]
[EventDate "2025.05.20"]

1. d4 g6 2. Nf3 f5 3. Nc3 Nf6 4. Bf4 Bg7 5. Qd3 O-O 6. O-O-O d6 7. e4 fxe4 8.
Nxe4 Nc6 9. Nxf6+ Rxf6 10. Qe3 Bf5 11. Bc4+ Kh8 12. h4 Qf8 13. Bg5 Bg4 14. Bxf6
exf6 15. Kb1 Re8 16. Qf4 Bf5 17. h5 Nb4 18. Bb3 Bh6 19. Qg3 Re2 20. hxg6 Bxg6
21. Ne1 Bd2 22. a3 Nc6 23. Nf3 Bh6 24. Nh4 Be4 25. f3 Bxc2+ 26. Bxc2 Na5 27. Bd3
Re3 28. Nf5 1-0

[Event "Titled Tue 20th May Early"]
[Site "chess.com INT"]
[Date "2025.05.20"]
[Round "4"]
[White "Aarav A"]
[Black "Guliev, Gasan"]
[Result "1-0"]
[WhiteTitle "CM"]
[BlackTitle "CM"]
[WhiteElo "2207"]
[BlackElo "2123"]
[WhiteFideId "25162748"]
[BlackFideId "34165638"]
[EventDate "2025.05.20"]

1. e4 c5 2. c3 Nf6 3. e5 Nd5 4. Nf3 Nc6 5. Bc4 Nb6 6. Bb3 c4 7. Bc2 d5 8. exd6
Qxd6 9. O-O g6 10. b3 Bg7 11. Na3 cxb3 12. axb3 O-O 13. Nc4 Nxc4 14. bxc4 Be6
15. Qe2 Rac8 16. Ng5 Ne5 17. Nxe6 Qxe6 18. c5 Qc4 19. Qxc4 Nxc4 20. d4 b6 21.
Bd3 Na5 22. Be3 e5 23. Rfb1 Rfd8 24. cxb6 axb6 25. Rxb6 Rxc3 26. Bf1 exd4 27.
Bg5 f6 28. Bxf6 Bxf6 29. Rxf6 Nb3 30. Rd1 d3 31. Rf3 Nc1 32. Rd2 Kg7 33. Re3
Ne2+ 34. Bxe2 dxe2 35. Rdxe2 Rxe3 36. fxe3 Rd1+ 37. Kf2 Rd6 38. e4 Rf6+ 39. Ke3
Kf7 40. Kd4 Ke6 41. Ra2 Rf1 42. Ra6+ Ke7 43. Ke5 Rf2 44. Ra7+ Ke8 45. Ke6 Kd8
46. Rxh7 Rxg2 47. e5 g5 48. Rh8+ Kc7 49. Ke7 g4 50. e6 Re2 51. Rh6 Re4 52. Kf7
Rf4+ 53. Rf6 Re4 54. Rf2 Kd6 55. Rd2+ Kc7 56. e7 Rf4+ 57. Ke8 Re4 58. Rf2 Kd6
59. Kd8 Ra4 60. Rd2+ Kc5 61. e8=Q Ra8+ 62. Ke7 Rxe8+ 63. Kxe8 g3 64. hxg3 1-0

[Event "Titled Tue 20th May Early"]
[Site "chess.com INT"]
[Date "2025.05.20"]
[Round "4"]
[White "Jake Shanty"]
[Black "Bespalov, Elisei"]
[Result "0-1"]
[WhiteTitle "FM"]
[WhiteElo "2252"]
[BlackElo "2303"]
[WhiteFideId "33478066"]
[BlackFideId "34251928"]
[EventDate "2025.05.20"]

1. Nf3 Nf6 2. e3 g6 3. b3 Bg7 4. Bb2 O-O 5. d4 d6 6. Nbd2 Nbd7 7. Be2 Re8 8. O-O
e5 9. c4 e4 10. Ne1 Nf8 11. Nc2 h5 12. d5 N8h7 13. Bd4 Ng4 14. h3 Qh4 15. Qe1
Bd7 16. f4 Qxe1 17. Raxe1 Bxd4 18. exd4 e3 19. Nb1 Ngf6 20. Nc3 Bf5 21. Nb4 a5
22. Nd3 Re7 23. Nc1 Rae8 24. Bd3 Bxd3 25. Nxd3 Ne4 26. Nxe4 Rxe4 27. Rf3 Rxd4 0-1

[Event "Titled Tue 20th May Early"]
[Site "chess.com INT"]
[Date "2025.05.20"]
[Round "4"]
[White "Chen, Yidong"]
[Black "Tursunalieva, Nurelina"]
[Result "1-0"]
[BlackTitle "WCM"]
[WhiteElo "2038"]
[BlackElo "1810"]
[WhiteFideId "8607028"]
[BlackFideId "13817329"]
[EventDate "2025.05.20"]

1. e4 c5 2. Nf3 d6 3. d4 cxd4 4. Nxd4 Nf6 5. Nc3 a6 6. Bg5 e6 7. f4 Be7 8. Qf3
Qc7 9. O-O-O b5 10. e5 Bb7 11. exd6 Bxd6 12. Ndxb5 Bxf3 13. Nxc7+ Bxc7 14. gxf3
h6 15. Bxf6 Bxf4+ 16. Kb1 gxf6 17. Ne4 Nd7 18. Nd6+ Bxd6 19. Rxd6 Ke7 20. Rd2
Rhd8 21. Be2 a5 22. b3 Rab8 23. Rhd1 Rb7 24. Kb2 Rdb8 25. Ba6 Rc7 26. a4 Ne5 27.
f4 Nc6 28. Bb5 Nb4 29. Rd7+ Rxd7 30. Rxd7+ Kf8 31. Ra7 Nd5 32. f5 exf5 33. Rxa5
f4 34. Be2 Ne3 35. Rc5 Rd8 36. Bf3 Rd2 37. a5 Rf2 38. a6 Rxf3 39. a7 Rf1 40.
a8=Q+ Kg7 41. Rc8 Kg6 42. Rg8+ Kf5 43. Re8 Rf2 44. Qe4+ Kg5 45. Rg8+ Kh4 46. Qh7
Rxc2+ 47. Ka3 h5 48. Qxf7 Rc6 49. Rh8 Ra6+ 50. Kb2 Ra5 51. Qxf6+ 1-0

[Event "Titled Tue 20th May Early"]
[Site "chess.com INT"]
[Date "2025.05.20"]
[Round "4"]
[White "Mishra, Abhimanyu"]
[Black "Bardyk, Artem"]
[Result "1-0"]
[WhiteTitle "GM"]
[BlackTitle "FM"]
[WhiteElo "2605"]
[BlackElo "2284"]
[WhiteFideId "30920019"]
[BlackFideId "34349979"]
[EventDate "2025.05.20"]

1. d4 d5 2. Nf3 Nf6 3. c4 e6 4. g3 dxc4 5. Bg2 Nbd7 6. O-O c6 7. a4 a5 8. Bd2
Be7 9. Na3 Nb6 10. Qc2 Nfd5 11. Nxc4 Nb4 12. Bxb4 axb4 13. Nxb6 Qxb6 14. e3 O-O
15. Ne5 Rd8 16. Nc4 Qc7 17. a5 c5 18. Nb6 Rxa5 19. Rxa5 Qxb6 20. Ra8 Qc7 21. Rc1
b6 22. Qa4 Bd7 23. Rxd8+ Qxd8 24. Bc6 Bxc6 25. Qxc6 cxd4 26. Qc8 Kf8 27. Qb7 Qd6
28. Rc7 g6 29. Rd7 Qc5 30. exd4 Qg5 31. Qxb6 Qf6 32. Qb8+ Kg7 33. Qe5 Kf8 34.
Kg2 h5 35. h4 Qf5 36. Qh8# 1-0

[Event "Titled Tue 20th May Early"]
[Site "chess.com INT"]
[Date "2025.05.20"]
[Round "4"]
[White "Alonso, Raphael V. P. Patricio"]
[Black "Andrade, Ivan"]
[Result "0-1"]
[BlackTitle "FM"]
[WhiteElo "2130"]
[BlackElo "2161"]
[WhiteFideId "2108585"]
[BlackFideId "14800039"]
[EventDate "2025.05.20"]

1. Nf3 Nf6 2. b3 g6 3. Bb2 Bg7 4. e3 O-O 5. Be2 d6 6. d4 d5 7. O-O c6 8. c4 Ne4
9. Nc3 Bg4 10. Nxe4 dxe4 11. Nd2 Bf5 12. g4 Bc8 13. Nxe4 f5 14. gxf5 gxf5 15.
Ng3 Qe8 16. Nh5 Bh6 17. Kh1 e6 18. Rg1+ Kf7 19. Ng7 Qd8 20. Bh5+ Kf6 21. d5+ e5
22. Bxe5+ Kxe5 23. Qd4+ Kd6 24. c5+ Kd7 25. dxc6+ Kc7 26. Qe5+ Kxc6 27. Bf3+ Kb5
28. c6+ Kb6 29. Rac1 bxc6 30. Qc5+ Kb7 31. Bxc6+ Nxc6 32. Qxc6+ Kb8 33. Rc5 Bb7
34. Rb5 Qb6 35. Rxb6 axb6 36. Rc1 Bxc6+ 37. Rxc6 Bxg7 0-1

[Event "Titled Tue 20th May Early"]
[Site "chess.com INT"]
[Date "2025.05.20"]
[Round "4"]
[White "Kis, Lorand Bela"]
[Black "Vafin, Ayrat"]
[Result "0-1"]
[BlackTitle "FM"]
[WhiteElo "1955"]
[BlackElo "2302"]
[WhiteFideId "2024098"]
[BlackFideId "4146530"]
[EventDate "2025.05.20"]

1. d4 d5 2. c4 e6 3. Nc3 Be7 4. Nf3 Nf6 5. Qc2 O-O 6. e4 dxe4 7. Nxe4 Nxe4 8.
Qxe4 Bb4+ 9. Bd2 Bxd2+ 10. Nxd2 c5 11. dxc5 Na6 12. Bd3 g6 13. Qe3 Qa5 14. O-O
Nxc5 15. Bc2 Bd7 16. Rfb1 Qc7 17. b4 Na4 18. b5 Nc5 19. Nf3 f6 20. a4 e5 21. a5
Be6 22. Qe2 b6 23. axb6 axb6 24. h3 Rad8 25. Nd2 f5 26. Nb3 Rfe8 27. Nxc5 Qxc5
28. Bb3 Rd4 29. Ra7 Rc8 30. Qe3 Bf7 31. Qg5 Rc7 0-1

[Event "Titled Tue 20th May Early"]
[Site "chess.com INT"]
[Date "2025.05.20"]
[Round "4"]
[White "Papaioannou, Dimitrios"]
[Black "Sai, Han Thiha"]
[Result "0-1"]
[WhiteTitle "CM"]
[BlackTitle "FM"]
[WhiteElo "2200"]
[BlackElo "2121"]
[WhiteFideId "25865137"]
[BlackFideId "13012290"]
[EventDate "2025.05.20"]

1. Nf3 Nf6 2. c4 g6 3. Nc3 Bg7 4. e4 d6 5. d4 O-O 6. Be2 e5 7. Be3 Bg4 8. O-O
Bxf3 9. Bxf3 exd4 10. Bxd4 Nc6 11. Be3 Re8 12. Re1 Nd7 13. Rc1 Bxc3 14. Rxc3 Qf6
15. Qc1 Nc5 16. Bg5 Qg7 17. a3 Nd4 18. h4 Nxf3+ 19. Rxf3 Nxe4 20. Bh6 Qd4 21.
Qf4 f5 22. h5 Qe5 23. Qh4 Qe7 24. Qf4 Qe5 25. Qh4 Qe7 26. Qh2 Qf6 27. hxg6 hxg6
28. Ree3 Qxb2 29. Qf4 Qa1+ 30. Kh2 Qe5 31. Qxe5 Rxe5 32. Bf4 Rc5 33. Rh3 g5 34.
Bxg5 Nxg5 35. Reg3 f4 36. Rg4 Kf7 37. Rh6 Rg8 38. Rxf4+ Kg7 39. Rh5 Rh8 40. Rxh8
Kxh8 41. Kg3 Kg7 42. Kg4 Ne6 43. Re4 Kf6 44. f4 Ng7 45. g3 Ra5 0-1

[Event "Titled Tue 20th May Early"]
[Site "chess.com INT"]
[Date "2025.05.20"]
[Round "4"]
[White "Moiseenko, Alexander"]
[Black "Lisenkov, Svyatoslav"]
[Result "1-0"]
[WhiteTitle "GM"]
[BlackTitle "CM"]
[WhiteElo "2568"]
[BlackElo "2241"]
[WhiteFideId "14102560"]
[BlackFideId "34264183"]
[EventDate "2025.05.20"]

1. d4 Nf6 2. Bg5 h5 3. Nc3 d5 4. Qd3 h4 5. Nf3 h3 6. gxh3 Bxh3 7. Bxh3 Rxh3 8.
Qb5+ Nbd7 9. Qxb7 Rb8 10. Qc6 Rb6 11. Qa4 Rxb2 12. O-O e6 13. Rab1 Rb6 14. Qxa7
Bb4 15. Rb3 Qc8 16. Qa4 Bxc3 17. Bxf6 Ra6 18. Qb5 c6 19. Qd3 Nxf6 20. Qxc3 Ne4
21. Qe3 Rxa2 22. Rfb1 Ra8 23. Qf4 g5 24. Nxg5 Nxg5 25. Qxg5 Rxb3 26. Rxb3 Kd7
27. h4 Qa6 28. Qf6 Rf8 29. Qe5 Rg8+ 30. Kh2 Qa1 31. Rb7+ Ke8 32. Qb8# 1-0

[Event "Titled Tue 20th May Early"]
[Site "chess.com INT"]
[Date "2025.05.20"]
[Round "4"]
[White "Firouzja, Alireza"]
[Black "Miszler, Levente"]
[Result "1-0"]
[WhiteTitle "GM"]
[BlackTitle "FM"]
[WhiteElo "2757"]
[BlackElo "2261"]
[WhiteFideId "12573981"]
[BlackFideId "763276"]
[EventDate "2025.05.20"]

1. e4 e6 2. d4 d5 3. e5 c5 4. c3 Nc6 5. Nf3 Bd7 6. Be2 f6 7. O-O fxe5 8. Nxe5
Nxe5 9. dxe5 Qc7 10. Re1 O-O-O 11. Bf1 Ne7 12. a4 Nc6 13. Na3 a6 14. Bf4 Be7 15.
Bg3 h5 16. h3 h4 17. Bh2 Rdf8 18. Nc2 c4 19. Ne3 Bc5 20. Nxd5 Bxf2+ 21. Kh1 exd5
22. e6 Bg3 23. exd7+ Qxd7 24. Bxg3 hxg3 25. Re3 Qd6 26. Qg4+ Kb8 27. Qxg3 Qxg3
28. Rxg3 Rf2 29. Rb1 Rhf8 30. Kg1 R8f7 31. Rg5 Rd2 32. h4 Ne7 33. g4 Nc8 34. Bg2
d4 35. cxd4 Rxd4 36. Rf1 Rfd7 37. h5 Nd6 38. Rf8+ Kc7 39. Rg8 Rd2 40. R8xg7 Rxb2
41. h6 c3 42. h7 c2 43. Rc5+ Kb6 44. Rxc2 Rxg7 45. Rxb2+ 1-0

[Event "Titled Tue 20th May Early"]
[Site "chess.com INT"]
[Date "2025.05.20"]
[Round "4"]
[White "Iljin, Timofey"]
[Black "Pragnya H G"]
[Result "1-0"]
[WhiteTitle "IM"]
[BlackTitle "WFM"]
[WhiteElo "2242"]
[BlackElo "1929"]
[WhiteFideId "14110180"]
[BlackFideId "25609785"]
[EventDate "2025.05.20"]

1. e4 c5 2. Nc3 Nc6 3. g3 d6 4. Bg2 g6 5. d3 Bg7 6. Nge2 Rb8 7. a4 e6 8. O-O
Nge7 9. f4 f5 10. h3 O-O 11. g4 d5 12. Ng3 d4 13. Nce2 e5 14. exf5 gxf5 15. gxf5
Nxf5 16. Nxf5 Bxf5 17. Ng3 Be6 18. f5 Bd5 19. Bxd5+ Qxd5 20. Ne4 Rf6 21. Bg5
Rbf8 22. Bxf6 Bxf6 23. Kh2 Kh8 24. Rg1 Ne7 25. Qg4 Qf7 26. Nxc5 Rg8 27. Qe4 Bg5
28. Qxe5+ Bf6 29. Qe6 Qf8 30. Nd7 Be5+ 31. Nxe5 Rg7 32. Rxg7 Qxg7 33. Nf7+ Kg8
34. Rg1 Kf8 35. Rxg7 Kxg7 36. Qxe7 1-0

[Event "Titled Tue 20th May Early"]
[Site "chess.com INT"]
[Date "2025.05.20"]
[Round "4"]
[White "Le, Minh Tu"]
[Black "Sadey, Rinoa Mariel"]
[Result "1-0"]
[WhiteTitle "FM"]
[WhiteElo "1932"]
[BlackElo "1760"]
[WhiteFideId "12404888"]
[BlackFideId "5255945"]
[EventDate "2025.05.20"]

1. d4 c5 2. c3 cxd4 3. cxd4 d5 4. Nc3 Bf5 5. Bf4 e6 6. e3 a6 7. Qb3 Qd7 8. Nf3
Nc6 9. Ne5 Nxe5 10. Bxe5 Nf6 11. Na4 Rd8 12. Rc1 Bd6 13. Nb6 Qe7 14. Nc8 Bb4+
15. Kd1 Qd7 16. Rc7 Qxc7 17. Bxc7 Rxc8 18. Qxb4 Rxc7 19. f3 Kd7 20. g4 Bg6 21.
h4 h6 22. h5 Bh7 23. Ke1 Rhc8 24. Kf2 Rc2+ 25. Kg3 Kd8 26. Qxb7 R8c7 27. Qb8+
Kd7 28. Bxa6 Rxb2 29. Qxb2 Ra7 30. Qb5+ 1-0

[Event "Titled Tue 20th May Early"]
[Site "chess.com INT"]
[Date "2025.05.20"]
[Round "4"]
[White "Ermolaev, Evgeny"]
[Black "Duarte Cramer, Lily Jeanette"]
[Result "1-0"]
[WhiteTitle "FM"]
[BlackTitle "WCM"]
[WhiteElo "2282"]
[BlackElo "1828"]
[WhiteFideId "24103195"]
[BlackFideId "29620180"]
[EventDate "2025.05.20"]

1. d4 d5 2. c4 c6 3. Nf3 Nf6 4. Nbd2 Bg4 5. Ne5 e6 6. Nxg4 Nxg4 7. e3 Nf6 8. Bd3
Bd6 9. O-O h5 10. e4 dxc4 11. Nxc4 Bc7 12. e5 Nd5 13. f4 Nb4 14. Be4 b5 15. Na3
Nd5 16. f5 exf5 17. Bxf5 Qe7 18. Qf3 a6 19. Be4 Qd7 20. Bg5 Bd8 21. Bxd8 Kxd8
22. Qxf7 Qxf7 23. Rxf7 Nd7 24. Rc1 Rc8 25. Bxd5 cxd5 26. Rxc8+ Kxc8 27. Rxg7 Nb6
28. b3 Re8 29. Nc2 Nd7 30. Nb4 Rf8 31. Nxd5 Rf4 32. Nxf4 Nb6 33. Nxh5 Nd5 34.
Nf6 a5 35. Nxd5 a4 36. Rc7+ Kb8 37. bxa4 Ka8 38. axb5 1-0

[Event "Titled Tue 20th May Early"]
[Site "chess.com INT"]
[Date "2025.05.20"]
[Round "4"]
[White "Khachatryan, Anna"]
[Black "Tsapov, Igor"]
[Result "1-0"]
[WhiteTitle "WFM"]
[BlackTitle "CM"]
[WhiteElo "2169"]
[BlackElo "2093"]
[WhiteFideId "13310780"]
[BlackFideId "4179005"]
[EventDate "2025.05.20"]

1. Nf3 d5 2. g3 Nf6 3. Bg2 e6 4. O-O c5 5. d3 Nc6 6. Nbd2 Bd6 7. e4 Qc7 8. Re1
O-O 9. Qe2 dxe4 10. dxe4 e5 11. c3 Bg4 12. h3 Bxf3 13. Nxf3 Rfd8 14. Bg5 Be7 15.
Rad1 Rxd1 16. Rxd1 Rd8 17. Rd3 c4 18. Rxd8+ Nxd8 19. Nd2 b5 20. Nf1 Qd7 21. Ne3
Ne6 22. Bxf6 Bxf6 23. Nd5 Bd8 24. a4 a6 25. axb5 axb5 26. Qd2 Qa7 27. h4 g6 28.
Bh3 Nc7 29. Nb4 Be7 30. Nc6 Qc5 31. Qd7 Bd6 32. Nd8 f5 33. exf5 g5 34. f6 Bf8
35. Qf7+ Kh8 36. Ne6 1-0

[Event "Titled Tue 20th May Early"]
[Site "chess.com INT"]
[Date "2025.05.20"]
[Round "4"]
[White "Azadaliyev, Jahandar"]
[Black "Kao, Jamison Edrich"]
[Result "1-0"]
[WhiteTitle "FM"]
[BlackTitle "CM"]
[WhiteElo "2290"]
[BlackElo "2018"]
[WhiteFideId "13425811"]
[BlackFideId "6007937"]
[EventDate "2025.05.20"]

1. d4 Nf6 2. Nf3 g6 3. g3 Bg7 4. Bg2 O-O 5. O-O d6 6. c3 Nc6 7. Bg5 h6 8. Bxf6
Bxf6 9. Nbd2 Bg7 10. Qc2 e5 11. e3 Qe7 12. Rad1 f5 13. Nh4 Kh7 14. f4 e4 15. Bh3
d5 16. a3 Be6 17. c4 Qd7 18. cxd5 Qxd5 19. b3 a5 20. Qc4 a4 21. Qxd5 Bxd5 22. b4
Na7 23. Rc1 Nb5 24. Nb1 c6 25. g4 fxg4 26. Bxg4 Rae8 27. Rf2 Nxd4 28. Rg2 Nf3+
29. Bxf3 exf3 30. Rxg6 Bf6 31. Rxf6 Rxf6 32. Kf2 Rfe6 33. Re1 Be4 34. Nc3 Rd8
35. Nxe4 Rxe4 36. Kxf3 Rc4 37. Nf5 Rc3 38. Rg1 1-0

[Event "Titled Tue 20th May Early"]
[Site "chess.com INT"]
[Date "2025.05.20"]
[Round "4"]
[White "Sabatier, Mathis"]
[Black "Yanev, Tihomir"]
[Result "0-1"]
[WhiteTitle "CM"]
[BlackTitle "IM"]
[WhiteElo "2235"]
[BlackElo "2354"]
[WhiteFideId "26029685"]
[BlackFideId "2910110"]
[EventDate "2025.05.20"]

1. e4 c5 2. Nf3 d6 3. c3 g6 4. d4 cxd4 5. cxd4 Bg7 6. Nc3 Nc6 7. Bb5 a6 8. Bxc6+
bxc6 9. O-O Nf6 10. Re1 O-O 11. h3 Nd7 12. e5 Nb6 13. Bf4 Be6 14. Ng5 Bd5 15.
Nxd5 Nxd5 16. Bg3 Rb8 17. Qd2 Bh6 18. f4 Qb6 19. b3 dxe5 20. Nf3 exf4 21. Bf2
Ne3 22. Ne5 Rbd8 23. Rac1 c5 24. Qe2 cxd4 25. Nc6 Rd7 26. Bh4 d3 27. Qd2 Nc4+
28. Bf2 Qxc6 29. Rxc4 Qb7 30. Rec1 e5 31. Re1 Re8 32. Rce4 Bg7 33. Rxf4 Bh6 34.
Bg3 Rde7 35. Qc3 exf4 36. Rxe7 Qxe7 0-1

[Event "Titled Tue 20th May Early"]
[Site "chess.com INT"]
[Date "2025.05.20"]
[Round "4"]
[White "Kaminska, Zuzanna"]
[Black "Ruiz Aguilar, Pablo Alexander"]
[Result "1-0"]
[WhiteTitle "WCM"]
[BlackTitle "FM"]
[WhiteElo "1900"]
[BlackElo "2141"]
[WhiteFideId "21067210"]
[BlackFideId "4401352"]
[EventDate "2025.05.20"]

1. b3 e5 2. Bb2 Nc6 3. g3 f5 4. Bg2 d6 5. d3 Nf6 6. Nd2 g6 7. e3 Bg7 8. Ne2 O-O
9. O-O Kh8 10. Rc1 Be6 11. f4 Ng4 12. Rf3 Bd5 13. e4 fxe4 14. dxe4 Bg8 15. h3
Nh6 16. Nc4 Bxc4 17. bxc4 exf4 18. Bxg7+ Kxg7 19. gxf4 Qe7 20. Qd5 Rae8 21. Ng3
Qf7 22. c3 Qxd5 23. cxd5 Na5 24. c4 Rxe4 25. Nxe4 Nf5 26. Ng5 Rc8 27. Ne6+ Kf6
28. Ra3 b6 29. Be4 Ne7 30. Rc2 c6 31. dxc6 Nexc6 32. Bxc6 Rxc6 33. Nd4 Rc5 34.
Nb3 Rxc4 35. Rxc4 Nxc4 36. Rxa7 Kf5 37. Rf7+ Ke4 38. Rxh7 d5 39. Rd7 Ne3 40.
Nd2+ Kxf4 41. Rd6 g5 42. Rxb6 d4 43. a4 Nd5 44. Rd6 Ke5 45. Rd8 1-0

[Event "Titled Tue 20th May Early"]
[Site "chess.com INT"]
[Date "2025.05.20"]
[Round "4"]
[White "Nurgaliyev, Sauat"]
[Black "Reefat, Bin-Sattar"]
[Result "1-0"]
[WhiteTitle "IM"]
[BlackTitle "GM"]
[WhiteElo "2407"]
[BlackElo "2331"]
[WhiteFideId "13726285"]
[BlackFideId "10200207"]
[EventDate "2025.05.20"]

1. e4 e6 2. d4 d5 3. Nc3 Nf6 4. Bg5 dxe4 5. Nxe4 Be7 6. Bxf6 Bxf6 7. Nf3 Nd7 8.
Qd2 O-O 9. O-O-O b6 10. h4 Bb7 11. Bd3 Be7 12. Kb1 Nf6 13. Qe2 a5 14. Neg5 Bxf3
15. Nxf3 Qd6 16. Ne5 a4 17. a3 c5 18. dxc5 Qxc5 19. g4 Bd6 20. Nc4 Bf4 21. g5
Nd5 22. Qe4 g6 23. h5 b5 24. hxg6 hxg6 25. Qf3 Kg7 26. Nd2 Bxd2 27. Rxd2 Rh8 28.
Rdd1 b4 29. Be4 Rxh1 30. Rxh1 1-0

[Event "Titled Tue 20th May Early"]
[Site "chess.com INT"]
[Date "2025.05.20"]
[Round "4"]
[White "Bashirli, Saadat"]
[Black "Carlsson, Ludvig"]
[Result "0-1"]
[WhiteTitle "WCM"]
[BlackTitle "IM"]
[WhiteElo "1941"]
[BlackElo "2374"]
[WhiteFideId "13429990"]
[BlackFideId "1727010"]
[EventDate "2025.05.20"]

1. d4 Nf6 2. c4 e6 3. Nc3 Bb4 4. e3 O-O 5. Bd3 d5 6. Ne2 dxc4 7. Bxc4 c5 8. O-O
Nc6 9. a3 Bxc3 10. bxc3 Qc7 11. Ba2 b6 12. Qc2 Ba6 13. Bb2 Rac8 14. Rac1 Na5 15.
Rfd1 Bc4 16. Ba1 Qc6 17. f3 Nd5 18. Kf2 f5 19. Nf4 Nxf4 20. exf4 Bxa2 21. Qxa2
c4 22. Rc2 Qd6 23. Re2 Rf6 24. Re5 Rd8 25. Bb2 Rh6 26. h3 Nc6 27. Re3 b5 28. a4
a6 29. axb5 axb5 30. Qa6 Rg6 31. Ba3 Qxf4 32. Rg1 Ne7 33. Bxe7 Re8 34. Bd6 Qh4+
35. Ke2 f4 36. Re4 Qh5 37. Qc6 Rd8 38. Re5 Qh4 39. Qxb5 Qg3 40. Bc5 Rf6 41. Qxc4
Qg6 42. Be7 Qc2+ 43. Kf1 Rb8 44. Bb4 Ra8 45. Re1 Ra2 46. Qc8+ Kf7 47. Qf8+ Kg6
48. Qe8+ Kh6 0-1

[Event "Titled Tue 20th May Early"]
[Site "chess.com INT"]
[Date "2025.05.20"]
[Round "4"]
[White "Xue, Haowen"]
[Black "Manafov, Vugar"]
[Result "1-0"]
[WhiteTitle "GM"]
[BlackTitle "IM"]
[WhiteElo "2518"]
[BlackElo "2432"]
[WhiteFideId "8625492"]
[BlackFideId "13410814"]
[EventDate "2025.05.20"]

1. d4 Nf6 2. c4 e6 3. g3 Bb4+ 4. Bd2 a5 5. Bg2 d5 6. Qc2 O-O 7. Nf3 Be7 8. O-O
Nbd7 9. Bf4 c6 10. Nbd2 Nh5 11. Be3 f5 12. Kh1 g5 13. Nb3 h6 14. Ne5 Qe8 15. f4
Nhf6 16. Nd2 Nxe5 17. dxe5 Ne4 18. Nxe4 dxe4 19. Rad1 Kh8 20. g4 Qg6 21. Qc1 Rg8
22. h3 a4 23. c5 Ra5 24. Qc3 Rb5 25. Rd6 h5 26. gxf5 Qxf5 27. fxg5 Qg6 28. Rf6
Bxf6 29. exf6 Qf7 30. Bxe4 e5 31. g6 Rxg6 32. Bxg6 Qxg6 33. Qxe5 Bxh3 34. f7+
Kh7 35. Rxg6 1-0

[Event "Titled Tue 20th May Early"]
[Site "chess.com INT"]
[Date "2025.05.20"]
[Round "4"]
[White "Materia, Marco"]
[Black "Puzyrevsky, Semyon"]
[Result "1-0"]
[WhiteTitle "IM"]
[BlackTitle "FM"]
[WhiteElo "2489"]
[BlackElo "2253"]
[WhiteFideId "45150451"]
[BlackFideId "24240931"]
[EventDate "2025.05.20"]

1. Nf3 Nf6 2. g3 c5 3. Bg2 Nc6 4. O-O e5 5. d3 d5 6. e4 dxe4 7. dxe4 Qxd1 8.
Rxd1 Bg4 9. c3 Bh5 10. Na3 Be7 11. Bg5 Nxe4 12. Bxe7 Kxe7 13. Re1 f5 14. Nh4 Kf6
15. Nxf5 Nxc3 16. Nd6 Ne2+ 17. Kf1 Ned4 18. Nxb7 Rab8 19. Nxc5 Rxb2 20. Rac1
Be2+ 21. Rxe2 Nxe2 22. Ne4+ Ke7 23. Rxc6 Nd4 24. Rc7+ Ke6 25. Bh3+ Kd5 26. Nc3+
Kd6 27. Nc4+ Kxc7 28. Nxb2 Nc6 29. Nc4 Rd8 30. Bf5 g6 31. Be4 Nb4 32. Nxe5 a6
33. Nc4 Rd4 34. Ne3 Nxa2 35. Ned5+ Kd6 36. Ke2 Nxc3+ 37. Nxc3 a5 38. Nb5+ Ke5
39. Nxd4 Kxe4 40. Nb3 1-0